000 00547nam a2200181Ia 4500
008 140609s9999 xx 000 0 und d
020 _a9781133307372
050 _aPE 1112
_b.G54 2013
100 _aGoldstein, Barbara.
245 _aGrammar to go :
_bhow it works and how to use it /
_cBarbara Goldstein, Jack Waugh, Karen Linsky
250 _a4th ed.
260 _aBoston :
_bWadsworth/Cengage Learning,
_cc2013.
300 _a270 p. :
_bill. ;
_c24 cm.
500 _aIncludes index.
521 _aGE
942 _kFOR
_cBK
999 _c118087
_d118087